Автомобильный транспорт. 1977 Вып.2: Формализованный анализ работы по предупреждению дорожно-транспортных происшествий (Запись № 3961613)

Подробности
000 -МАРКЕР
контрольное поле 01369nam2a22002531 4500
001 - ИДЕНТИФИКАТОР ЗАПИСИ
контрольное поле RU\NLR\INFOCOMM15\1000023291
005 - ИДЕНТИФИКАТОР ВЕРСИИ
контрольное поле 20250616231534.0
035 ## - ДРУГИЕ СИСТЕМНЫЕ НОМЕРА
Идентификатор записи (NLR Aleph) 002272063
100 ## - ДАННЫЕ ОБЩЕЙ ОБРАБОТКИ
Данные общей обработки 20031121d1977 |||y0rusy50 ca
101 0# - ЯЗЫК РЕСУРСА
Язык текста, звукозаписи и т.д. русский
102 ## - СТРАНА ПУБЛИКАЦИИ ИЛИ ПРОИЗВОДСТВА
Страна публикации Российская Федерация
105 ## - ПОЛЕ КОДИРОВАННЫХ ДАННЫХ: ТЕКСТОВЫЕ МАТЕРИАЛЫ, МОНОГРАФИЧЕСКИЕ
Кодированные данные о монографическом текстовом документе y |||||||||
200 1# - ЗАГЛАВИЕ И СВЕДЕНИЯ ОБ ОТВЕТСТВЕННОСТИ
Основное заглавие Формализованный анализ работы по предупреждению дорожно-транспортных происшествий
Первые сведения об ответственности Чугуев В.Л.
210 ## - ПУБЛИКАЦИЯ, РАСПРОСТРАНЕНИЕ И ДР.
Дата издания, распространения и т.д. 1977
Место издания, распространения и т.д. Б. м.
461 #0 - УРОВЕНЬ НАБОРА
Встроенное поле 001RU\NLR\INFOCOMM15\1000023289
-- 2001#$aАвтомобильный транспорт$eНауч.-техн. реф. сб.$hСерия 2$iБезопасность движения на автомобильном транспорте$fМ-во автомоб. трансп. РСФСР. ЦБНТИ$v1977 Вып.2
Системный номер (АБИС) связанной записи 3961595
Место публикации М.
Дата публикации 1977-
Первые сведения об ответственности М-во автомоб. трансп. РСФСР. ЦБНТИ
Номер части Серия 2
Заглавие части Безопасность движения на автомобильном транспорте
Сведения, относящиеся к заглавию Науч.-техн. реф. сб.
Заглавие Автомобильный транспорт
ISSN 0204-3157
Номер тома 1977 Вып.2
700 #1 - ИМЯ ЛИЦА - ПЕРВИЧНАЯ ОТВЕТСТВЕННОСТЬ
Начальный элемент ввода Чугуев
Часть имени, кроме начального элемента ввода В.Л.
Код отношения Автор
801 #1 - ИСТОЧНИК ЗАПИСИ
Страна Российская Федерация
Организация InfoComm
Дата составления 20031121
801 #0 - ИСТОЧНИК ЗАПИСИ
Страна Российская Федерация
Организация NLR
Правила каталогизации PSBO
852 ## - МЕСТОНАХОЖДЕНИЕ И ШИФР ХРАНЕНИЯ
Идентификатор организации NLR
Шифр хранения (Call Number) П10/5388
942 ## - ДОПОЛНИТЕЛЬНЫЕ ЭЛЕМЕНТЫ ЗАПИСИ (АБИС)
Тип экземпляра АБИС Выпуск
980 ## - КОЛЛЕКЦИЯ
Название коллекции Национальная библиография
980 ## - КОЛЛЕКЦИЯ
Название коллекции Русская периодика

Нет доступных экземпляров.